Company Law/ (Record no. 171550)

MARC details
000 -LEADER
fixed length control field 00533nam a22001817a 4500
005 - DATE AND TIME OF LATEST TRANSACTION
control field 20200115123330.0
010 ## - LCCN (DPL NO)
LC control number ENG-127427
020 ## - INTERNATIONAL STANDARD BOOK NUMBER
International Standard Book Number 9789350358702
Terms of availability 160.00
035 ## - SYSTEM CONTROL NUMBER
System control number EN-110959
037 ## - SOURCE OF ACQUISITION
Source of stock number/acquisition DBAD/PUB
082 ## - DEWEY DECIMAL CLASSIFICATION NUMBER
Classification number 346.41066
100 ## - MAIN ENTRY--PERSONAL NAME
Personal name Rosedar S R A
245 ## - TITLE STATEMENT
Title Company Law/
Statement of responsibility, etc by Rosedar S R A
260 ## - PUBLICATION, DISTRIBUTION, ETC. (IMPRINT)
Place of publication, distribution, etc Gurgaon
Name of publisher, distributor, etc Lexis Nexis
Date of publication, distribution, etc 2017
270 ## - ADDRESS
Address 14th floor,building no-10,Tower B,DLF Cyber city phase-II
City Gurgaon
Postal code 122002
300 ## - PHYSICAL DESCRIPTION
Extent 133p.
Dimensions 22cm(pbk)
942 ## - ADDED ENTRY ELEMENTS (KOHA)
Source of classification or shelving scheme Dewey Decimal Classification
Item type English Books
Classification part 346.41066
Call number suffix ROS
Holdings
Withdrawn status Lost status Not for loan Collection code Home library Current library Date acquired Source of acquisition Cost, normal purchase price Full call number Barcode Copy number Cost, replacement price Koha item type
      Non-fiction Sarojini Nagar Sarojini Nagar 15/01/2020 DBAD/PUB 160.00 346.41066 ROS EN-110959 1 160.00 English Books

© Delhi Public Library
Hit Counter
free hit counter